<?xml version="1.0" encoding="UTF-8"?>
<record
    xmlns:xsi="http://www.w3.org/2001/XMLSchema-instance"
    xsi:schemaLocation="http://www.loc.gov/MARC21/slim http://www.loc.gov/standards/marcxml/schema/MARC21slim.xsd"
    xmlns="http://www.loc.gov/MARC21/slim">

  <leader>01227nam a22002297a 4500</leader>
  <controlfield tag="003">BDDh-ASL</controlfield>
  <controlfield tag="005">20231128124505.0</controlfield>
  <controlfield tag="008">200907b2006    bg ||||| |||| 001 0 b   d</controlfield>
  <datafield tag="040" ind1=" " ind2=" ">
    <subfield code="a">BDDh-ASL</subfield>
    <subfield code="c">BDDh-ASL</subfield>
    <subfield code="d">BDDh-ASL</subfield>
  </datafield>
  <datafield tag="041" ind1=" " ind2=" ">
    <subfield code="a">bengali</subfield>
  </datafield>
  <datafield tag="082" ind1=" " ind2=" ">
    <subfield code="a">079.5492</subfield>
    <subfield code="b">MAU</subfield>
  </datafield>
  <datafield tag="100" ind1="1" ind2=" ">
    <subfield code="a">&#x9AE;&#x9BE;&#x9AE;&#x9C1;&#x9A8;, &#x9AE;&#x9C1;&#x9A8;&#x9A4;&#x9BE;&#x9B8;&#x9C0;&#x9B0; </subfield>
    <subfield code="9">230</subfield>
  </datafield>
  <datafield tag="245" ind1=" " ind2=" ">
    <subfield code="a">&#x989;&#x9A8;&#x9BF;&#x9B6; &#x9B6;&#x9A4;&#x995;&#x9C7; &#x9AC;&#x9BE;&#x982;&#x9B2;&#x9BE;&#x9A6;&#x9C7;&#x9B6;&#x9C7;&#x9B0; &#x9B8;&#x982;&#x9AC;&#x9BE;&#x9A6;-&#x9B8;&#x9BE;&#x9AE;&#x9AF;&#x9BC;&#x9BF;&#x995;&#x9AA;&#x9A4;&#x9CD;&#x9B0; :</subfield>
    <subfield code="b">&#x9A6;&#x9B6;&#x9AE; &#x996;&#x9A3;&#x9CD;&#x9A1;/</subfield>
    <subfield code="c">&#x9AE;&#x9C1;&#x9A8;&#x9A4;&#x9BE;&#x9B8;&#x9C0;&#x9B0; &#x9AE;&#x9BE;&#x9AE;&#x9C1;&#x9A8;,</subfield>
  </datafield>
  <datafield tag="246" ind1=" " ind2=" ">
    <subfield code="a">Unish Shatake Bangladesher Sangbad-Samayikpatra (Newspapers and Periodicals in Nineteenth Century Bangladesh) </subfield>
  </datafield>
  <datafield tag="260" ind1=" " ind2=" ">
    <subfield code="a">&#x9A2;&#x9BE;&#x995;&#x9BE;:</subfield>
    <subfield code="b">&#x9AC;&#x9BE;&#x982;&#x9B2;&#x9BE; &#x98F;&#x995;&#x9BE;&#x9A1;&#x9C7;&#x9AE;&#x9C0;, </subfield>
    <subfield code="c">&#x9E8;&#x9E6;&#x9E6;&#x9EC;&#x964;</subfield>
  </datafield>
  <datafield tag="300" ind1="1" ind2=" ">
    <subfield code="a">&#x9E9;&#x9EE;&#x9EA; &#x9AA;&#x9C3;&#x9B7;&#x9CD;&#x9A0;&#x9BE; </subfield>
    <subfield code="c">&#x9E8;&#x9E8; &#x9B8;&#x9C7;.&#x9AE;&#x9BF;.</subfield>
  </datafield>
  <datafield tag="490" ind1=" " ind2=" ">
    <subfield code="a">&#x989;&#x9A8;&#x9BF;&#x9B6; &#x9B6;&#x9A4;&#x995;&#x9C7; &#x9AC;&#x9BE;&#x982;&#x9B2;&#x9BE;&#x9A6;&#x9C7;&#x9B6;&#x9C7;&#x9B0; &#x9B8;&#x982;&#x9AC;&#x9BE;&#x9A6;-&#x9B8;&#x9BE;&#x9AE;&#x9AF;&#x9BC;&#x9BF;&#x995;&#x9AA;&#x9A4;&#x9CD;&#x9B0; (&#x9E7;&#x9EE;&#x9EA;&#x9ED;-&#x9E7;&#x9EF;&#x9E6;&#x9EB;);</subfield>
    <subfield code="v">&#x996;&#x9A3;&#x9CD;&#x9A1;-&#x9E7;&#x9E6;</subfield>
  </datafield>
  <datafield tag="504" ind1=" " ind2=" ">
    <subfield code="a">&#x997;&#x9CD;&#x9B0;&#x9A8;&#x9CD;&#x9A5;&#x9AA;&#x99E;&#x9CD;&#x99C;&#x9BF; &#x993; &#x9A8;&#x9BF;&#x9B0;&#x9CD;&#x998;&#x9A8;&#x9CD;&#x99F; &#x9B8;&#x982;&#x9AF;&#x9C1;&#x995;&#x9CD;&#x9A4;</subfield>
  </datafield>
  <datafield tag="650" ind1=" " ind2="0">
    <subfield code="9">576</subfield>
    <subfield code="a">&#x9B8;&#x9BE;&#x9AE;&#x9AF;&#x9BC;&#x9BF;&#x995;&#x9AA;&#x9A4;&#x9CD;&#x9B0;</subfield>
    <subfield code="x">&#x9B8;&#x982;&#x9AC;&#x9BE;&#x9A6;&#x9AA;&#x9A4;&#x9CD;&#x9B0;</subfield>
  </datafield>
  <datafield tag="651" ind1=" " ind2="0">
    <subfield code="9">615</subfield>
    <subfield code="a">&#x9AC;&#x9BE;&#x982;&#x9B2;&#x9BE;&#x9A6;&#x9C7;&#x9B6; </subfield>
  </datafield>
  <datafield tag="942" ind1=" " ind2=" ">
    <subfield code="2">ddc</subfield>
    <subfield code="c">BK</subfield>
  </datafield>
  <datafield tag="952" ind1=" " ind2=" ">
    <subfield code="0">0</subfield>
    <subfield code="1">0</subfield>
    <subfield code="2">ddc</subfield>
    <subfield code="4">0</subfield>
    <subfield code="7">0</subfield>
    <subfield code="8">NFIC</subfield>
    <subfield code="a">ASL</subfield>
    <subfield code="b">ASL</subfield>
    <subfield code="c">SIC</subfield>
    <subfield code="d">2021-09-21</subfield>
    <subfield code="e">Donated by Prof. Sirajul Islam FRHS</subfield>
    <subfield code="h">V-10</subfield>
    <subfield code="l">0</subfield>
    <subfield code="o">079.5492 MAU</subfield>
    <subfield code="p">111800</subfield>
    <subfield code="r">2021-09-21 00:00:00</subfield>
    <subfield code="t">C-1</subfield>
    <subfield code="w">2021-09-21</subfield>
    <subfield code="y">BK</subfield>
  </datafield>
  <datafield tag="999" ind1=" " ind2=" ">
    <subfield code="c">25964</subfield>
    <subfield code="d">25964</subfield>
  </datafield>
</record>
